书目信息 |
| 题名: |
花间集
|
|
| 作者: | 赵崇祚 辑 | |
| 分册: | ||
| 出版信息: | 贵阳 贵州人民出版社 1981 |
|
| 页数: | 184页 | |
| 开本: | 19cm | |
| 丛书名: | ||
| 单 册: | ||
| 中图分类: | I222.843 | |
| 科图分类: | ||
| 主题词: | 词(文学)--中国--古代--选集 | |
| 电子资源: | ||
| ISBN: | ||
| 000 | 00626nam0 2200229 45 | |
| 001 | 0181001956 | |
| 005 | 20060804152018.56 | |
| 010 | @dCNY0.54 | |
| 091 | @aCN@b101157 | |
| 100 | @a19950601d1981 em y0chiy0121 ea | |
| 101 | 0 | @achi |
| 102 | @aCN@b520000 | |
| 105 | @ay z 000gy | |
| 200 | 10 | @a花间集@Ahua jian ji@f(唐)赵崇祚辑@F(tang)zhao chong zuo ji |
| 210 | @a贵阳@c贵州人民出版社@d1981 | |
| 215 | @a184页@d19cm | |
| 606 | @a词(文学)@y中国@z古代@x选集 | |
| 690 | @aI222.843@v3 | |
| 701 | 0 | @a赵崇祚@Azhao chong zuo@4辑 |
| 801 | 0 | @aCN@bTSSF@c20060804 |
| 801 | 2 | @aCN@bNLC@c20060721 |
| 905 | @a10447@dI222.843@e445 | |
| 花间集/(唐)赵崇祚辑.-贵阳:贵州人民出版社,1981 |
| 184页;19cm |
| ISBN :CNY0.54 |
| ● |
| 相关链接 |
|
|
|
|
正题名:花间集
索取号:I222.843/445
 
预约/预借
| 序号 | 登录号 | 条形码 | 馆藏地/架位号 | 状态 | 备注 |
| 1 | 0427245 | 204272456 | 密集书库/ [索取号:I222.843/445] | 在馆 | |
| 2 | 0429346 | 204293460 | 密集书库/ [索取号:I222.843/445] | 在馆 |